| 000 | 00787na a2200277 4500 | ||
|---|---|---|---|
| 001 | 20387 | ||
| 003 | MIRAKIL | ||
| 005 | 20181213155055.0 | ||
| 008 | 170118b tu 000 0 | ||
| 020 | _a975405587X | ||
| 040 |
_aMilas _btur _cTR-AnCHP |
||
| 041 | _atur | ||
| 082 |
_a320.01 _bS21y 2000 |
||
| 090 | _a320.01 S21y 2000 | ||
| 100 | _aSabine, George | ||
| 245 |
_aYakınçağ siyasal düşünce tarihi _cGeorge Sabine; Türkçesi Özer Ozankaya |
||
| 250 | _a4. bs. | ||
| 260 |
_aİstanbul _bCem Yayınevi _c2000 |
||
| 300 |
_a429 s. _c21 sm. |
||
| 490 | _aKültür Dizisi | ||
| 504 | _aKaynakça ve dizin var. | ||
| 650 |
_aSiyasal tarih _xFelsefe ve kuram |
||
| 650 |
_aSiyasal bilimler _xFelsefe ve kuram _yTarih |
||
| 700 | _aOzankaya, Özer | ||
| 942 |
_2ddc _cBKS |
||
| 999 |
_c6084 _d6084 |
||